Možnost využití nelineárních typv při studiu vývoje epidemiologických ukazatelv

Bibliographic Details
Main Author: Augustin, J. (Author)
Format: Article
Language:Slovak
Czech
PhysicalDescription:Tb. 1. Graf. 2. Res. rus., nem., angl., lit. 8 zázn. v slov., češ., angl.
Subjects:

MARC

LEADER 00000nab a2200000 a 4500
001 vtls000291776
003 SK-MaSNL
005 20260304050316.0
008 250422c1987 xo 0 slo
015 |a SNBRB19rr/mm-uuuuu 
035 |a CL0301895 
035 |a urn:nbn:sk:snk-ab6l48 
035 |a (uuid)67640b96-5610-4709-a9b9-9226ffc8060d 
035 |a (urnnbn)urn:nbn:sk:snk:ar-005fzr 
035 |a (sysno)vtls000291776 
040 |a SNKBUCL  |b slo  |c SNKBUCL  |e AACR2 
041 0 |a cze 
044 |a xo  |c SK 
080 |a 616-006.04-036.22  |2 1981 
100 1 |a Augustin, J.  |4 aut  |9 776270 
245 1 0 |a Možnost využití nelineárních typv při studiu vývoje epidemiologických ukazatelv  |c J. Augustin 
300 |b Tb. 1. Graf. 2. Res. rus., nem., angl., lit. 8 zázn. v slov., češ., angl. 
650 0 7 |a novotvary zhubné  |2 snkbucl  |9 1331274 
655 7 |a články z novín a časopisov  |2 snkbucl  |9 267496 
773 0 |t Lekársky obzor  |g Roč. 36, č. 8 (1987), s. 461-466 
850 |a Slovenská národná knižnica 
852 |a Slovenská národná knižnica 
954 |a odborná, vedecká literatúra cudzojazyčná (svetová)  |2 lita 
958 |a article2022 
958 |a OND 
958 |a NB 
958 |a RK 
958 |a MI 
958 |a CZ 
958 |a EUIPO 
992 |a RBX 
999 |c 2697639  |d 2699569